000 00530nam a22001817a 4500
003 JO-AjAnu
005 20241023095945.0
008 241022b jo ||||| |||| 00| 0 ara d
020 _a9781737536536
040 _cJO-AjAnu
041 _aeng
100 1 _aMcmillan, Brian
_966390
_eAuthor
245 1 _a Building Data products : introducation to data and Analytics Engineering /
_cBrain Mcmillan
260 _cBrian McMillan,
_b2021
300 _a444: pages
650 7 0 _aBuilding data products
_966392
942 _2lcc
_cBK
_n0
999 _c33825
_d33825